[Event "38. Open Ciudad de San Sebastián"]
[Site "San Sebastián ESP"]
[Date "2015.04.04"]
[Round "9.12"]
[White "Ouadi, Wahbi"]
[Black "Capote Robayna, Nathaniel"]
[Result "0-1"]
[WhiteElo "1896"]
[BlackElo "2277"]
[PlyCount "98"]
[EventDate "2015.03.28"]
[EventType "swiss"]
[EventRounds "9"]
[EventCountry "ESP"]
[Source "lmi"]
[SourceDate "2015.03.28"]

1. e4 c5 2. Nc3 Nc6 3. Nf3 g6 4. Bc4 Bg7 5. O-O Nf6 6. d3 O-O 7. Ne2 d5 8. exd5
Nxd5 9. h3 Na5 10. Bxd5 Qxd5 11. Re1 Nc6 12. Nc3 Qd8 13. Bf4 b6 14. Qd2 Bb7 15.
Bh6 Nd4 16. Nxd4 cxd4 17. Bxg7 Kxg7 18. Ne4 Qd5 19. Qg5 Qxg5 20. Nxg5 e6 21.
Ne4 Bd5 22. a3 Rac8 23. Rac1 Rc6 24. c4 dxc3 25. Nxc3 Rfc8 26. Ne2 Rc2 27. Kf1
Bb7 28. b3 Ba6 29. Rxc2 Rxc2 30. Nc1 e5 31. Rd1 f5 32. Ke1 Kf6 33. a4 b5 34.
axb5 Bxb5 35. Ne2 Rb2 36. Nc3 Bc6 37. d4 exd4 38. Rxd4 Bxg2 39. Rd6+ Ke5 40.
Ra6 Rxb3 41. Ra5+ Kf6 42. Ra6+ Kg5 43. Ne2 Rb7 44. f4+ Kh4 45. Kf2 Bxh3 46. Ra1
h6 47. Ra6 Rb2 48. Rxg6 Kh5 49. Kg3 Kxg6 0-1